| 000 | 00000nam##2200000za#4500 |
| 001 | 9.591676 |
| 003 | CaOODSP |
| 005 | 20210624200802 |
| 007 | cr ||||||||||| |
| 008 | 150406|2004||||xxc|||||o f|0| 0 fre|d |
| 020 | |a0-662-76467-6 |
| 040 | |aCaOODSP|bfre |
| 043 | |an-cn--- |
| 086 | 1 |aEn49-31/1-5F-PDF |
| 110 | 1 |aCanada. |bEnvironnement Canada. |bService de la protection de l'environnement. |
| 245 | 10|aSels de voirie : |h[ressource électronique]|bcode de pratique pour la gestion environnementale des sels de voirie |
| 246 | 1 |aLoi canadienne sur la protection de l’environnement (1999) [LCPE (1999)] |
| 260 | |aOttawa - Ontario : |bEnvironnement Canada. |cAvril 2004. |
| 300 | |a24p.|bgraphique, photographies |
| 490 | 1 |aSérie de la protection de l'environnement. [Produits chimiques commerciaux]|vSPE 1/CC/5 |
| 500 | |aEn tête du titre : Loi canadienne sur la protection de l'environnement (1999) [LCPE (1999)]. Le nº de catalogue (En49-31/1-5F) et l'ISBN (0-662-76466-8) de l'édition imprimée ont été incorrectement copiés dans cette édition électronique. |
| 590 | |a12-29-Supp|b2012-06-25 |
| 775 | 08|tRoad salts : |w(CaOODSP)9.558851 |
| 776 | 0#|tCode de pratique pour la gestion environnementale des sels de voirie |w(CaOODSP)9.626580 |
| 830 | #0|aSérie de la protection de l'environnement. [Produits chimiques commerciaux]|vSPE 1/CC/5|w(CaOODSP)9.501178 |
| 856 | 40|ahttp://publications.gc.ca|qPDF|s2.45 Mo|uhttps://publications.gc.ca/collections/collection_2012/ec/En49-31-1-5-fra.pdf|ySPE 1/CC/5 |